Tenis - zwycięzcy Wielkich Szlemów w 2024 - Statystyki

Ogólne statystyki
  • Ten quiz został rozwiązany 104 razy
  • Średni wynik to 7 z 8
Statystyki odpowiedzi
Nazwa turnieju Zwycięzca % Poprawnych
Australian Open mężczyzn Jannik Sinner
99%
French Open mężczyzn Carlos Alcaraz
98%
French Open kobiet Iga Świątek
98%
Australian Open kobiet Aryna Sabalenka
97%
US Open mężczyzn Jannik Sinner
89%
Wimbledon mężczyzn Carlos Alcaraz
88%
US Open kobiet Aryna Sabalenka
87%
Wimbledon kobiet Barbora Krejčíková
58%
Nie znaleziono quizów pasujących do podanych kryteriów
Rozkład punktacji
Procent ludzi z każdym wynikiem
Percentyl według liczby udzielonych odpowiedzi
Twoja historia wyników
Nie rozwiązałeś tego quizu